| 000 | 00442cam a2200145 4500500 | ||
|---|---|---|---|
| 005 | 20251228082948.0 | ||
| 041 | _afre | ||
| 042 | _adc | ||
| 100 | 1 | 0 |
_aMazouer, Charles _eauthor |
| 245 | 0 | 0 | _aIn memoriam |
| 260 | _c2009. | ||
| 500 | _a35 | ||
| 786 | 0 | _nDix-septième siècle | 241 | 4 | 2009-01-27 | p. 579-581 | 0012-4273 | |
| 856 | 4 | 1 | _uhttps://shs.cairn.info/revue-dix-septieme-siecle-2008-4-page-579?lang=fr&redirect-ssocas=7080 |
| 999 |
_c1600196 _d1600196 |
||